Online
Catalog

La sociedad de Yucatán, 1700-1750 / (Record no. 5047)

MARC details
000 -CABECERA
campo de control de longitud fija 00921nam a2200241 a 4500
001 - NÚMERO DE CONTROL
campo de control 000005246
003 - IDENTIFICADOR DEL NÚMERO DE CONTROL
campo de control OSt
005 - FECHA Y HORA DE LA ÚLTIMA TRANSACCIÓN
campo de control 20230519123051.0
008 - DATOS DE LONGITUD FIJA--INFORMACIÓN GENERAL
campo de control de longitud fija 090818s1972 sp 001 0 spa d
040 ## - FUENTE DE LA CATALOGACIÓN
Centro catalogador/agencia de origen DO-SdBNP
-- spa
Centro/agencia transcriptor BNPHU
082 ## - NÚMERO DE LA CLASIFICACIÓN DECIMAL DEWEY
Número de clasificación 972.02
Número de documento/Ítem G216s
100 1# - ENTRADA PRINCIPAL--NOMBRE DE PERSONA
Nombre de persona García Bernal, Manuela Cristina
9 (RLIN) 14969
245 13 - MENCIÓN DE TÍTULO
Título La sociedad de Yucatán, 1700-1750 /
Mención de responsabilidad, etc. Manuela Cristina García Bernal ; prólogo Luis Navarro García.
260 ## - PUBLICACIÓN, DISTRIBUCIÓN, ETC.
Lugar de publicación, distribución, etc. Sevilla, España :
Nombre del editor, distribuidor, etc. CSIC,
Fecha de publicación, distribución, etc. 1972.
300 ## - DESCRIPCIÓN FÍSICA
Extensión 195 p. :
Otras características físicas map. ;
Dimensiones 22 cm.
504 ## - NOTA DE BIBLIOGRAFÍA, ETC.
Nota de bibliografía, etc. Incluye referencias bibliográficas y notas al pie de las páginas.
504 ## - NOTA DE BIBLIOGRAFÍA, ETC.
Nota de bibliografía, etc. Bibliografía : p. 171-174
650 #4 - PUNTO DE ACCESO ADICIONAL DE MATERIA--TÉRMINO DE MATERIA
Término de materia o nombre geográfico como elemento de entrada Yucatan (méxico)
Subdivisión general Historia
Subdivisión cronológica SIGLO XVIII
9 (RLIN) 14970
650 #4 - PUNTO DE ACCESO ADICIONAL DE MATERIA--TÉRMINO DE MATERIA
Término de materia o nombre geográfico como elemento de entrada Yucatan (méxico)
Subdivisión general Condiciones sociales
Subdivisión cronológica SIGLO XVIII
9 (RLIN) 14971
700 1# - PUNTO DE ACCESO ADICIONAL--NOMBRE DE PERSONA
Nombre de persona Navarro García, Luis,
Término indicativo de función/relación pról.
9 (RLIN) 14972
710 1# - PUNTO DE ACCESO ADICIONAL--NOMBRE DE ENTIDAD CORPORATIVA
Nombre de entidad corporativa o nombre de jurisdicción como elemento de entrada Consejo Superior de Investigaciones Científicas
9 (RLIN) 4786
942 ## - ELEMENTOS DE PUNTO DE ACCESO ADICIONAL (KOHA)
Fuente del sistema de clasificación o colocación Dewey Decimal Classification
Tipo de ítem Koha Libros y folletos
Holdings
Estado de retiro Estado de pérdida Restricciones de uso No para préstamo Código de colección Localización permanente Ubicación/localización actual Ubicación en estantería Fecha de adquisición Número de inventario Total de préstamos Signatura topográfica completa Código de barras Fecha visto por última vez Precio válido a partir de Tipo de ítem Koha
        Monografías: Libros y Folletos General General Depósito 19.08.2009 LF1   972.02 G216s 5246-10 25.06.2020 25.06.2020 Préstamo en sala

Powered by Koha